000 00605nam a2200181Ia 4500
008 100920s9999 xx 000 0 und d
082 _b26321
_a891.463.1 थ 66
100 _aभंडारी शांतीलाल.
245 _aयशवंत हो यशवंत.
260 _bवैभव प्रकाशन, कोरेगाव.
_c1966
300 _a139
_bसाधी
365 _b4
520 _aलघुकथा.
630 _aयशवंत हो यशवंत.
650 _aलघुकथा.
730 _aयशवंत हो यशवंत.
942 _cBOOK
999 _c683698
_d683695